Dinastie europee - Paleologi - Statistics

Statistiche generali
  • Questo quiz è stato fatto 39 volte
  • Il punteggio medio è 12 su 22
Statistiche sulle risposte
Titolo Anni Nome % Corretto
1449-1453 Costantino XI
89%
1338-1372 Giovanni II
78%
1378-1381 Giovanni III
78%
1341-1391 Giovanni V
78%
1390 Giovanni VII
78%
1425-1448 Giovanni VIII
78%
1418-1445 Gian Giacomo
74%
1530-1533 Gian Giorgio
74%
1445-1464 Giovanni IV
74%
Basileus dei romei 1259-1282 Michele VIII
67%
1282-1328 Andronico II
63%
1328-1341 Andronico III
63%
1376-1379 Andronico IV
63%
1391-1425 Manuele II
56%
1533-1540 Margherita
41%
1494-1518 Guglielmo IX
30%
1464-1483 Guglielmo VIII
30%
1372-1378 Ottone III "Secondotto"
26%
Marchese del Monferrato 1305-1338 Teodoro I
26%
1381-1418 Teodoro II
26%
1483-1494 Bonifacio III
15%
1518-1530 Bonifacio IV
15%
Nessun quiz corrispondente trovato
Distribuzione punteggi
Percentuale di utenti per punteggio
Percentile per numero di risposta
I tuoi punteggi nel tempo
Non hai fatto questo quiz